North American Sports Teams That Never Won a Championship - Statistics

General Stats
  • This quiz has been taken 117 times
    18 since last reset
  • The average score is 31 of 37
Answer Stats
Answers % Correct
Jacksonville Jaguars
100%
Arizona Cardinals
93%
Carolina Panthers
93%
Houston Texans
93%
Phoenix Suns
93%
Seattle Mariners
93%
Tampa Bay Rays
93%
Tennessee Titans
93%
Atlanta Falcons
86%
Cincinnati Bengals
86%
Cleveland Browns
86%
Columbus Blue Jackets
86%
Los Angeles Chargers
86%
Los Angeles Clippers
86%
Minnesota Timberwolves
86%
Minnesota Vikings
86%
New Orleans Pelicans
86%
San Diego Padres
86%
Seattle Kraken
86%
Buffalo Sabres
79%
Charlotte Hornets
79%
Detroit Lions
79%
Indiana Pacers
79%
Memphis Grizzlies
79%
Milwaukee Brewers
79%
Orlando Magic
79%
Ottawa Senators
79%
San Jose Sharks
79%
Utah Jazz
79%
Utah Mammoth
79%
Vancouver Canucks
79%
Winnipeg Jets
79%
Buffalo Bills
71%
Colorado Rockies
71%
Minnesota Wild
71%
Nashville Predators
71%
Brooklyn Nets
64%
No matching quizzes found
Score Distribution
Percent of People with Each Score
Percentile by Number Answered
Your Score History
You have not taken this quiz since the last reset